| 000 | 00360nam a2200133Ia 4500 | ||
|---|---|---|---|
| 008 | 240624s9999 xx 000 0 und d | ||
| 041 | _aeng | ||
| 082 | _a658.8 VIN | ||
| 100 | _aVINJAMURI DAVID | ||
| 245 | _aACCIDENTAL BRANDING HOW ORDINARY PEOPLE | ||
| 260 |
_c2008 _aNew Jersey _bJohn Wiley and Sons |
||
| 300 | _axii, : 212 : p. : cm. ; 23 | ||
| 365 |
_c _b30 |
||
| 999 |
_c12689 _d12689 |
||